Пересопниця літописна XII–XIV ст (Запис № 463310)
[ простий вигляд ]
| 000 -Лідер | |
|---|---|
| fixed length control field | 02101 a2200241 4500 |
| 003 - Ідентифікатор контрольного номера | |
| control field | UA-OsUOA |
| 005 - Дата та час останнього входження (трансакції) | |
| control field | 20220503101913.0 |
| 008 - Елементи даних фіксованої довжини – загальна інформація | |
| fixed length control field | 200915b un ||||| |||| 00| 0 ukr d |
| 020 ## - Міжнародний стандартний книжковий номер (ISBN) | |
| Міжнародний стандартний книжковий номер (ISBN) (НП) | 9786176420873 |
| 040 ## - Джерело каталогізації | |
| Агенція оригінальної каталогізації | UA-OsUOA |
| Мова каталогізації | ukr |
| Агенція, яка здійснювала перезапис | UA-OsUOA |
| Агенція, яка здійснювала модифікацію | UA-OsUOA |
| 041 ## - Код мови | |
| Код мови тексту/ звукової доріжки чи окремого заголовка (П) | ukr |
| 080 ## - Індекс Універсальної десяткової класифікації | |
| Індекс Універсальної десяткової класифікації (УДК) (НП) | 908(477.81)(091) |
| 090 ## - Локальний шифр розміщення | |
| Класифікаційний індекс УДК | 908(477.81)(091) |
| Авторський знак (НП) | Ф33 |
| 100 ## - Основне введення – ім’я особи | |
| Ім’я особи (НП) | Федоришин М. |
| 245 ## - Відомості про назву | |
| Назва (НП) | Пересопниця літописна XII–XIV ст |
| Дані про відповідальність (НП) | Микола Федоришин |
| 260 ## - Публікація, розповсюдження і т.п. (Вихідні дані) | |
| Ім’я/ наймення видавництва, розповсюджувача і т.п. (П) | Коло |
| Дата публікації, розповсюдження і т.п. (П) | 2013 |
| Місце публікації, розповсюдження і т.п. (П) | Дрогобич |
| 300 ## - Фізичний опис | |
| Обсяг | 24 с. |
| Супроводжувальний матеріал | іл. |
| 520 ## - Резюме і т.п. | |
| Резюме, реферат, анотація, тощо (НП) | У книзі на основі писемних літописних джерел простежуються та аналізуються історичні події пов'язані із давньоруським містом Пересопниця протягом ХІІ та XIV століть. Висвітлено історичні постаті тогочасних князів - володарів пересопницького удільного князівства.<br/>Крім того, книга ілюстрована світлинами І та ІІ Археологічного Grand-фестивалю "Русь Пересопницька", який проходить щорічно у травні-червні у музейному комплексі КЗ "Культурно-археологічний центр "Пересопниця".<br/>Ця публікація є частиною розділу "Історичне підгрунтя культурної спадщини Пересопниці" монографії автора "Історія і культура Пересопниці".<br/>Видання буде корисним для всіх, хто цікавиться історією України або є фахівцем у цій галузі. |
| 650 ## - Додаткове предметне введення – тематичний термін | |
| Джерело заголовка чи терміна | UDC |
| Тематичний термін чи географічна назва, як елемент введення (НП) | 908 Краєзнавство |
| 942 ## - Додаткові елементи входу (Коха) | |
| Тип елемента Koha | Книги |
| Source of classification or shelving scheme | Universal Decimal Classification |
| 955 ## - Код типу видання за змістом | |
| Код типу видання за змістом (НП) | Наукові видання |
| Стан вилучень | Стан втрат | Джерело класифікації або схеми стелажів | Стан уражень | Не для кредиту | Код колекції | Постійне місце розташування | Поточне розміщення | Дата придбання | Джерело придбання | Вартість, звичайна ціна покупки | Інвентарний номер | Усього замовленно | Повний номер виклику | Штрих-код | Дата останнього перегляду | Ціна ефективна від | Тип елемента Koha | Вартість, ціна заміни |
|---|---|---|---|---|---|---|---|---|---|---|---|---|---|---|---|---|---|---|
| Universal Decimal Classification | АБ - Абонемент НБ | АБ - Абонемент НБ | 15/09/2020 | №16/09.09.20 | 20.00 | 908(477.81)(091) Ф33 | 162871 | 17/01/2022 | 15/09/2020 | Книги | 20.00 | |||||||
| Universal Decimal Classification | Колекція Кралюка П.М. | ЧЗ - Читальна зала | ЧЗ - Читальна зала | 07/03/2018 | 8/2018 | 12.00 | 158209 | 908(477.81)(091) Ф33 | 158209 | 06/02/2022 | 07/03/2018 | Книги |